Thermal mass explained (Record no. 113570)

MARC details
000 -LEADER
fixed length control field 00859cad a22002295a 4500
001 - CONTROL NUMBER
control field L155432
008 - FIXED-LENGTH DATA ELEMENTS--GENERAL INFORMATION
fixed length control field 120321s2012 xxk g 000 0 eng d
020 ## - INTERNATIONAL STANDARD BOOK NUMBER
International Standard Book Number 9781904818717
035 ## - SYSTEM CONTROL NUMBER
System control number (Sirsi) u155432
041 0# - LANGUAGE CODE
Language code of text/sound track or separate title eng
110 2# - MAIN ENTRY--CORPORATE NAME
Corporate name or jurisdiction name as entry element Concrete Centre
9 (RLIN) 5831
245 00 - TITLE STATEMENT
Title Thermal mass explained
Remainder of title 2012 update
Medium [electronic resource]
260 ## - PUBLICATION, DISTRIBUTION, ETC.
Place of publication, distribution, etc. Camberley
Name of publisher, distributor, etc. MPA
Date of publication, distribution, etc. 2012
520 ## - SUMMARY, ETC.
Summary, etc. This guide explains what thermal mass is and how best to utilise it.
590 ## - LOCAL NOTE (RLIN)
Local note KA NTK
651 #4 - SUBJECT ADDED ENTRY--GEOGRAPHIC NAME
Geographic name International
690 ## - LOCAL SUBJECT ADDED ENTRY--TOPICAL TERM (OCLC, RLIN)
Topical term or geographic name as entry element Sustainability
9 (RLIN) 6271
690 ## - LOCAL SUBJECT ADDED ENTRY--TOPICAL TERM (OCLC, RLIN)
Topical term or geographic name as entry element Building materials and defects
710 2# - ADDED ENTRY--CORPORATE NAME
Corporate name or jurisdiction name as entry element Mineral Products Association
9 (RLIN) 5839
856 40 - ELECTRONIC LOCATION AND ACCESS
Uniform Resource Identifier <a href="https://www.concretecentre.com/online_services/publication_library/publication_details.aspx?PublicationId=781">https://www.concretecentre.com/online_services/publication_library/publication_details.aspx?PublicationId=781</a>
Public note Register to download this publication free of charge at www.concretecentre.com
942 ## - ADDED ENTRY ELEMENTS (KOHA)
Suppress in OPAC 0
Holdings
Withdrawn status Lost status Source of classification or shelving scheme Damaged status Not for loan Home library Current library Shelving location Date acquired Total Checkouts Full call number Barcode Date last seen Copy number Price effective from Koha item type
    Dewey Decimal Classification     Virtual Virtual Online 21/03/2012   ONLINE PUBLICATION 155432-2001 06/08/2019 1 06/08/2019 Book